Normal view MARC view
  • KOTHARI, C R AND GARG, GAURAV

Entry Personal Name

Number of records used in: 1

001 - CONTROL NUMBER

  • control field: 8895

003 - CONTROL NUMBER IDENTIFIER

  • control field: JRU

005 - DATE AND TIME OF LATEST TRANSACTION

  • control field: 20260310150813.0

008 - FIXED-LENGTH DATA ELEMENTS

  • fixed length control field: 260310|| aca||aabn | a|a d

040 ## - CATALOGING SOURCE

  • Original cataloging agency: JRU
  • Transcribing agency: JRU

100 ## - HEADING--PERSONAL NAME

  • Personal name: KOTHARI, C R AND GARG, GAURAV

670 ## - SOURCE DATA FOUND

  • Source citation: Work cat.: (JRU)9078: KOTHARI, C R AND GARG, GAURAV , RESEARCH METHODOLOGY METHODS AND TECHNIQUES , 2024